[Event "Erfurt op-B 29th"]
[Site "Erfurt"]
[Date "2019.12.30"]
[Round "8"]
[White "Zimmermann, Felix"]
[Black "Schieferstein, Michael"]
[Result "1/2-1/2"]
[WhiteElo "1905"]
[BlackElo "1988"]
[PlyCount "75"]
[EventDate "2019.12.26"]
[EventType "swiss"]
[EventRounds "8"]
[EventCountry "GER"]
[SourceTitle "EXT 2021"]
[Source "ChessBase"]
[SourceDate "2020.10.23"]
[SourceVersion "1"]
[SourceVersionDate "2020.10.23"]
[SourceQuality "1"]

1. d4 Nf6 2. Nf3 c5 3. e3 e6 4. Be2 Be7 5. 0-0 b6 6. b3 0-0 7. Bb2 Bb7 8. c4 d6 9. Nc3 Ne4 10. Nxe4 Bxe4 11. Nd2 Bb7 12. Bf3 Bxf3 13. Qxf3 Nd7 14. Qg3 g6 15. e4 Qc7 16. d5 exd5 17. cxd5 Bf6 18. Bxf6 Nxf6 19. f4 Rae8 20. Rae1 Qe7 21. a4 a6 22. Qd3 b5 23. axb5 axb5 24. e5 dxe5 25. fxe5 Nxd5 26. Ne4 Rd8 27. Qxb5 Rb8 28. Qc4 Nb6 29. Qc3 Nd5 30. Nf6+ Nxf6 31. exf6 Qd7 32. Qc1 Qd4+ 33. Kh1 Rb6 34. Qg5 h6 35. Qxh6 Rxf6 36. Rxf6 Qxf6 37. Qe3 Qd4 38. Qxd4 1/2-1/2

[Event "Leipzig VfB op 24th"]
[Site "Leipzig"]
[Date "2017.03.24"]
[Round "6"]
[White "Von Zimmermann, Georg"]
[Black "Zimmermann, Felix"]
[Result "1-0"]
[WhiteElo "2129"]
[BlackElo "1899"]
[PlyCount "81"]
[EventDate "2017.03.21"]
[EventType "swiss"]
[EventRounds "9"]
[EventCountry "GER"]
[SourceTitle "EXT 2018"]
[Source "ChessBase"]
[SourceDate "2017.10.13"]
[SourceVersion "1"]
[SourceVersionDate "2017.10.13"]
[SourceQuality "1"]

1. e4 b6 2. c4 Bb7 3. Nc3 e6 4. Nf3 c5 5. Bd3 d6 6. 0-0 Nf6 7. Bc2 Be7 8. d4 0-0 9. Qe2 cxd4 10. Nxd4 a6 11. f4 Nc6 12. Nf3 e5 13. Nd5 Nd7 14. Be3 Re8 15. Rad1 Bf8 16. fxe5 Ncxe5 17. Nxe5 Rxe5 18. Qf2 Bxd5 19. exd5 f6 20. Bf5 Re8 21. Bxd7 Qxd7 22. Bxb6 Rab8 23. Bd4 Qa4 24. b3 Qd7 25. Rfe1 a5 26. Rxe8 Rxe8 27. Re1 Rb8 28. Qb2 Qg4 29. h3 Qf4 30. Qf2 Qg5 31. Qe3 Qg6 32. Qc3 Ra8 33. a4 Rb8 34. Be3 Qg3 35. Rf1 Be7 36. Rf3 Qg6 37. Kh2 Bd8 38. Rg3 Qf5 39. Bd4 Qf4 40. Qe3 Qh4 41. Qe6+ 1-0

[Event "GER-ch Net qual3 U14"]
[Site "Playchess.com INT"]
[Date "2012.09.08"]
[Round "7"]
[White "Dittrich, Tom"]
[Black "Zimmermann, Felix"]
[Result "1/2-1/2"]
[WhiteElo "1491"]
[BlackElo "1319"]
[PlyCount "128"]
[EventDate "2012.09.08"]
[EventType "swiss (blitz)"]
[EventRounds "7"]
[EventCountry "GER"]
[SourceTitle "CBM 150 Extra"]
[Source "ChessBase"]
[SourceDate "2012.10.19"]
[SourceVersion "1"]
[SourceVersionDate "2012.10.19"]
[SourceQuality "1"]

1. e4 d5 2. exd5 Nf6 3. Nc3 Nxd5 4. Nxd5 Qxd5 5. Nf3 Nc6 6. d3 Bf5 7. Be2 0-0-0 8. 0-0 e6 9. Be3 Bc5 10. Qd2 Nb4 11. Bxc5 Qxc5 12. Rfc1 Rd7 13. a3 Nc6 14. Qg5 g6 15. Qe3 Qxe3 16. fxe3 Rhd8 17. e4 Bg4 18. h3 Bxf3 19. Bxf3 Nd4 20. Kf2 Nxf3 21. Kxf3 Re7 22. Rf1 f5 23. Ke3 Rf8 24. Rae1 f4+ 25. Rxf4 Rxf4 26. Kxf4 e5+ 27. Ke3 Rf7 28. Ke2 Kd7 29. Rf1 Re7 30. Ke3 Ke6 31. c3 c5 32. Rf2 b6 33. c4 Rd7 34. Re2 Rf7 35. Rf2 Rd7 36. g3 Re7 37. Rg2 Rd7 38. b4 Rb7 39. b5 Rd7 40. a4 Rf7 41. Rf2 Rd7 42. g4 Re7 43. h4 Rd7 44. h5 Re7 45. h6 Rd7 46. g5 Re7 47. Rf6+ Kd7 48. Kf3 Kc7 49. Kg4 Kd7 50. Rf8 Kd6 51. Rg8 Ke6 52. Rg7 Rxg7 53. hxg7 Kf7 54. g8Q+ Kxg8 55. Kg3 Kg7 56. Kg4 h6 57. Kh4 hxg5+ 58. Kxg5 Kf7 59. Kg4 Kf6 60. Kh4 Kg7 61. Kg5 Kf7 62. Kg4 Kf6 63. Kh4 Ke6 64. Kg5 Kf7 1/2-1/2

[Event "GER-ch Net qual3 U14"]
[Site "Playchess.com INT"]
[Date "2012.09.08"]
[Round "5"]
[White "Massold, Timo"]
[Black "Zimmermann, Felix"]
[Result "0-1"]
[WhiteElo "1213"]
[BlackElo "1319"]
[PlyCount "108"]
[EventDate "2012.09.08"]
[EventType "swiss (blitz)"]
[EventRounds "7"]
[EventCountry "GER"]
[SourceTitle "CBM 150 Extra"]
[Source "ChessBase"]
[SourceDate "2012.10.19"]
[SourceVersion "1"]
[SourceVersionDate "2012.10.19"]
[SourceQuality "1"]

1. e4 d5 2. exd5 Nf6 3. Nc3 Nxd5 4. Nxd5 Qxd5 5. Nf3 Bf5 6. Be2 Nc6 7. 0-0 0-0-0 8. c4 Qd7 9. a4 e6 10. b3 Bb4 11. h3 Nd4 12. Nxd4 Qxd4 13. Ra2 Rd7 14. c5 Rhd8 15. d3 Bxd3 16. Bxd3 Qxd3 17. Qxd3 Rxd3 18. Bg5 f6 19. Bf4 e5 20. Bc1 Bxc5 21. g3 Rxg3+ 22. Kh1 Rxh3+ 23. Kg2 Rxb3 24. Rd2 Rxd2 25. Bxd2 Rd3 26. Bc1 Kd7 27. Be3 Bxe3 28. fxe3 Rd2+ 29. Kg3 Ra2 30. Rb1 Rxa4 31. Rxb7 Ra3 32. Kf3 a5 33. Rb8 a4 34. Rh8 Ra1 35. Rxh7 a3 36. Rxg7+ Kc8 37. Rf7 a2 38. Rf8+ Kb7 39. Ke2 Rb1 40. Rxf6 a1Q 41. Rf2 Rb2+ 42. Kf3 Rxf2+ 43. Kxf2 Qb2+ 44. Kf3 Qc3 45. Kf2 e4 46. Kg3 Qxe3+ 47. Kg4 Qf2 48. Kg5 e3 49. Kg6 Qf4 50. Kg7 e2 51. Kg8 Qf6 52. Kh7 e1Q 53. Kg8 Qe8+ 54. Kh7 Qfg6# 0-1

[Event "GER-ch Net qual3 U14"]
[Site "Playchess.com INT"]
[Date "2011.05.08"]
[Round "4"]
[White "Zimmermann, Felix"]
[Black "Engesser, Jonas"]
[Result "0-1"]
[WhiteElo "1259"]
[BlackElo "1456"]
[PlyCount "40"]
[EventDate "2011.05.08"]
[EventType "swiss (blitz)"]
[EventRounds "7"]
[EventCountry "GER"]
[SourceTitle "CBM 142 Extra"]
[Source "ChessBase"]
[SourceDate "2011.06.27"]
[SourceVersion "1"]
[SourceVersionDate "2011.06.27"]
[SourceQuality "1"]

1. d4 d5 2. c4 e6 3. Nc3 c6 4. e3 Nf6 5. cxd5 exd5 6. Bd3 Be7 7. Nge2 0-0 8. 0-0 Be6 9. f3 Nbd7 10. Qc2 c5 11. Nf4 cxd4 12. exd4 Nb6 13. Nxe6 fxe6 14. Bg5 Nc4 15. Bxf6 Ne3 16. Bxh7+ Kh8 17. Bxg7+ Kxg7 18. Qg6+ Kh8 19. Qh6 Bg5 20. Bg6+ Bxh6 0-1

[Event "GER-ch Net qual1 U14"]
[Site "Playchess.com INT"]
[Date "2011.05.01"]
[Round "1"]
[White "Mager, Denis"]
[Black "Zimmermann, Felix"]
[Result "1-0"]
[WhiteElo "1718"]
[BlackElo "1252"]
[PlyCount "49"]
[EventDate "2011.05.01"]
[EventType "swiss (blitz)"]
[EventRounds "7"]
[EventCountry "GER"]
[SourceTitle "CBM 142 Extra"]
[Source "ChessBase"]
[SourceDate "2011.06.27"]
[SourceVersion "1"]
[SourceVersionDate "2011.06.27"]
[SourceQuality "1"]

1. d4 d5 2. c4 dxc4 3. e3 Nf6 4. Bxc4 e6 5. Nc3 c5 6. Nf3 Nc6 7. 0-0 cxd4 8. exd4 Bb4 9. a3 Ba5 10. b4 Bb6 11. d5 exd5 12. Nxd5 Be6 13. Nxb6 axb6 14. Bxe6 fxe6 15. Bb2 0-0 16. Re1 Re8 17. Qxd8 Raxd8 18. Ng5 Nd4 19. Bxd4 Rxd4 20. Nxe6 Re4 21. Rxe4 Nxe4 22. Nc7 Rc8 23. Nd5 b5 24. Ne7+ Kf8 25. Nxc8 1-0